Catalog

Record Details

Catalog Search



Available copies

  • 1 of 1 copy available at LARL/NWRL Consortium.

Current holds

0 current holds with 1 total copy.

Show Only Available Copies
Location Call Number / Copy Notes Barcode Shelving Location Status Due Date
Godel Memorial-Warren Library ya MAB (Text) 35500005184658 Main Available -

Record details

  • ISBN: 9781442402355 (hardcover)
  • ISBN: 1442402350 (hardcover)
  • Physical Description: p. cm.
  • Edition: 1st ed.
  • Publisher: New York : Simon & Schuster Books For Young Readers, 2011.

Content descriptions

Summary, etc.:
In post-apocalyptic America, fifteen-year-old ... Read More
Subject: Zombies > Fiction.
Survival > Fiction.
Bounty hunters > Fiction.
Brothers > Fiction.
LDR 01618cam a22004098a 4500
001130140
003LARL_NWRL_CONSORTIUM
00520110415132624.0
008110103s2011 nyu d 000 1 eng
010 . ‡a2010050305
020 . ‡a9781442402355 (hardcover)
020 . ‡a1442402350 (hardcover)
035 . ‡a(OCoLC)693810557
040 . ‡aDLC ‡cDLC ‡dBTCTA
042 . ‡alcac ‡apcc
05000. ‡aPZ7.M11164 ‡bDus 2011
08200. ‡a[Fic] ‡222
1001 . ‡aMaberry, Jonathan. ‡0(LARL_NWRL_CONSORTIUM)191278
24510. ‡aDust & decay ‡n#2 / ‡cJonathan Maberry.
2463 . ‡aDust and decay
250 . ‡a1st ed.
260 . ‡aNew York : ‡bSimon & Schuster Books For Young Readers, ‡c2011.
300 . ‡ap. ‡ccm.
4900 . ‡aBenny Imura; ‡v2
520 . ‡aIn post-apocalyptic America, fifteen-year-old Benny Imura and his friends set out into the great Rot & Ruin hoping to find a better future but are soon pitted against zombies, wild animals, insane murderers, and the horrors of Gameland.
650 1. ‡aZombies ‡vFiction.
650 1. ‡aSurvival ‡vFiction.
650 1. ‡aBounty hunters ‡vFiction. ‡0(LARL_NWRL_CONSORTIUM)163748
650 1. ‡aBrothers ‡vFiction. ‡0(LARL_NWRL_CONSORTIUM)163686
948 . ‡hNO HOLDINGS IN LAL - 3 OTHER HOLDINGS
994 . ‡aZ0 ‡bLAL
901 . ‡a130140 ‡bOCLC ‡c130140 ‡tbiblio

Additional Resources